Top 30 : Taylor Swift - Statistiques

Statistiques générales
  • Ce quiz a été pris 57 fois
  • Le résultat moyen est 14 sur 30
Statistiques - réponses
Top Titres Featuring % Correct
7 Shake It Off
92%
2 Blank Space
74%
6 cardigan
68%
17 Love Story
68%
16 Love Story (Taylor’s Version)
68%
5 Lover
66%
1 Cruel Summer
62%
18 Fortnight Post Malone
58%
3 I Don’t Wanna Live Forever ZAYN
54%
22 You Belong With Me (Taylor’s Version)
52%
14 All Too Well (10 Minute Version) (Taylor's Version) (From The Vault)
50%
11 Look What You Made Me Do
50%
28 ME! Brendon Urie
50%
4 Anti-Hero
46%
24 Enchanted
46%
20 I Knew You Were Trouble.
44%
9 Style
44%
13 Wildest Dreams
44%
27 Wildest Dreams (Taylor's Version)
44%
10 Don’t Blame Me
42%
25 The Man
40%
8 august
38%
21 exile Bon Iver
38%
19 willow
36%
15 You Need To Calm Down
34%
26 ...Ready For It?
32%
23 Karma
30%
12 Delicate
28%
29 Lavender Haze
24%
30 Getaway Car
22%
Aucun quiz correspondant
Distribution des résultats
% des personnes avec chaque résultat
Percentile par nombre de réponses
Votre historique - résultats
Vous n’avez pas pris ce quiz